000 00445nam a2200181Ia 4500
001 20264
005 20260306172753.0
008 260306t2010||||xx |||||||||||||| ||spa||
041 _aESP
082 _a343.1
_bD89
100 _aDonayre Montesinos, Christian
_eAUT
245 0 _aLa prueba en el proceso constitucional
260 _c2010
300 _a239 páginas :
_c24 cm.
650 _aGEN
654 _aCDE
942 _cLIB
_dJUS
_fJUS
_2ddc
_n
999 _c20264
_d20264